Các định luật trong hóa học

Na minha lista:
Detalhes bibliográficos
Autor principal: K Manolov
Formato: Livro
Idioma:Undetermined
Publicado em: Hà Nội KHKT 1983
Assuntos:
Tags: Adicionar Tag
Sem tags, seja o primeiro a adicionar uma tag!
Thư viện lưu trữ: Trung tâm Học liệu Trường Đại học Cần Thơ
LEADER 00481nam a2200169Ia 4500
001 CTU_2753
008 210402s9999 xx 000 0 und d
082 |a 541 
082 |b M547 
100 |a K Manolov 
245 0 |a Các định luật trong hóa học 
245 0 |c K Manolov, I Lilov; Dịch giả: Nguyễn Trọng Thể 
260 |a Hà Nội 
260 |b KHKT 
260 |c 1983 
650 |a chemistry 
980 |a Trung tâm Học liệu Trường Đại học Cần Thơ